[Event "Mitropa Cup Open 2019"]
[Site "Radenci"]
[Date "2019.06.01"]
[Round "6.3"]
[White "Kozak, Adam"]
[Black "Janzelj, Tim"]
[Result "1/2-1/2"]
[WhiteElo "2458"]
[BlackElo "2384"]
[Annotator "ChessBase"]
[PlyCount "153"]
[EventDate "2019.05.27"]
[EventType "team-tourn"]
[EventCountry "SLO"]
[SourceTitle "playchess.com"]
[Source "ChessBase"]
[SourceQuality "1"]
[WhiteTeam "HUN"]
[BlackTeam "SLO"]
[WhiteTeamCountry "HUN"]
[TimeControl "40/5400+30:1800+30"]

1. Nf3 {[%emt 0:00:00]} d5 {[%emt 0:00:00]} 2. g3 {[%emt 0:00:03]} Nf6 {[%emt 0:00:00]} 3. Bg2 {[%emt 0:00:08]} e6 {[%emt 0:00:00]} 4. O-O {[%emt 0:00:11]} Be7 {[%emt 0:00:07]} 5. c4 {[%emt 0:00:06]} O-O {[%emt 0:00:06]} 6. d4 {[%emt 0:00:05]} dxc4 {[%emt 0:00:05]} 7. Qc2 {[%emt 0:00:07]} a6 {[%emt 0:00:04]} 8. a4 {[%emt 0:00:08]} Bd7 {[%emt 0:00:05]} 9. Qxc4 {[%emt 0:00:06]} Bc6 {[%emt 0:00:03]} 10. Bg5 {[%emt 0:00:08]} Bd5 {[%emt 0:00:09]} 11. Qc2 {[%emt 0:00:06]} Be4 {[%emt 0:00:11]} 12. Qc1 {[%emt 0:00:06]} h6 {[%emt 0:04:29]} 13. Bxf6 {[%emt 0:00:05]} Bxf6 {[%emt 0:00:04]} 14. Rd1 {[%emt 0:00:03]} a5 {[%emt 0:01:10]} 15. Nbd2 {[%emt 0:00:05]} Bh7 {[%emt 0:06:48]} 16. Nb3 {[%emt 0:00:13]} c6 {[%emt 0:00:45]} 17. Qc3 {[%emt 0:14:47]} Nd7 {[%emt 0:08:30]} 18. Ne5 {[%emt 0:02:46]} Nb6 {[%emt 0:28:52]} 19. Nxa5 {[%emt 0:13:48]} Nd5 {[%emt 0:03:03]} 20. Bxd5 {[%emt 0:01:11]} Qxa5 {[%emt 0:00:44]} 21. Bb3 {[%emt 0:07:38]} Qxc3 {[%emt 0:07:09]} 22. bxc3 {[%emt 0:00:08]} Bxe5 {[%emt 0:00:04]} 23. dxe5 {[%emt 0:00:12]} Ra5 {[%emt 0:00:03]} 24. f4 {[%emt 0:02:22]} Rfa8 {[%emt 0:01:00]} 25. Ra2 {[%emt 0:05:52]} Be4 {[%emt 0:13:40]} 26. Kf2 {[%emt 0:08:18]} c5 {[%emt 0:05:04]} 27. Rad2 {[%emt 0:01:02]} Bc6 {[%emt 0:05:25]} 28. Rd8+ {[%emt 0:00:26]} Kh7 {[%emt 0:03:31]} 29. Bc2+ {[%emt 0:07:03]} g6 {[%emt 0:00:03]} 30. Rxa8 {[%emt 0:00:04]} Rxa8 {[%emt 0:00:03]} 31. Ke3 {[%emt 0:00:08]} Kg7 {[%emt 0:00:59]} 32. Rb1 {[%emt 0:07:05]} g5 {[%emt 0:02:02]} 33. Ra1 {[%emt 0:04:53]} Ra5 {[%emt 0:00:21]} 34. c4 {[%emt 0:02:01]} Ra6 {[%emt 0:03:58]} 35. Kd2 {[%emt 0:01:53]} f6 {[%emt 0:02:06]} 36. exf6+ {[%emt 0:03:30]} Kxf6 {[%emt 0:00:01]} 37. Ra3 {[%emt 0:03:25]} gxf4 {[%emt 0:01:24]} 38. gxf4 {[%emt 0:00:03]} e5 {[%emt 0:00:10]} 39. f5 {[%emt 0:12:19]} e4 {[%emt 0:02:39]} 40. Rh3 {[%emt 0:00:00]} Kg5 {[%emt 0:00:00]} 41. Ke3 {[%emt 0:16:02]} Ra8 {[%emt 0:05:49]} 42. Rg3+ {[%emt 0:04:23]} Kxf5 {[%emt 0:00:11]} 43. Rf3+ {[%emt 0:00:01]} Kg5 {[%emt 0:13:04]} 44. Rf4 {[%emt 0:00:39]} Ra5 {[%emt 0:11:23]} 45. Rf8 {[%emt 0:10:00]} Bxa4 {[%emt 0:01:26]} 46. Bxe4 {[%emt 0:00:50]} Bc6 {[%emt 0:00:36]} 47. Bd3 {[%emt 0:00:51]} Kg4 {[%emt 0:00:32]} 48. Rf4+ {[%emt 0:01:21]} Kg5 {[%emt 0:00:34]} 49. h4+ {[%emt 0:01:43]} Kh5 {[%emt 0:00:10]} 50. Rf6 {[%emt 0:04:39]} Ra1 {[%emt 0:01:58]} 51. Rf5+ {[%emt 0:01:03]} Kxh4 {[%emt 0:00:02]} 52. Rxc5 {[%emt 0:00:07]} Kg4 {[%emt 0:00:16]} 53. Be4 {[%emt 0:01:34]} Bxe4 {[%emt 0:03:28]} 54. Kxe4 {[%emt 0:00:01]} Ra8 {[%emt 0:00:27]} 55. Rc7 {[%emt 0:00:59]} Re8+ {[%emt 0:00:08]} 56. Kd5 {[%emt 0:00:29]} Rxe2 {[%emt 0:00:17]} 57. Rxb7 {[%emt 0:00:22]} h5 {[%emt 0:00:20]} 58. c5 {[%emt 0:00:09]} Rd2+ {[%emt 0:01:14]} 59. Ke4 {[%emt 0:00:26]} Re2+ {[%emt 0:00:21]} 60. Kd3 {[%emt 0:00:35]} Re8 {[%emt 0:00:15]} 61. Rg7+ {[%emt 0:00:38]} Kf3 {[%emt 0:00:25]} 62. Rf7+ {[%emt 0:00:08]} Kg3 {[%emt 0:00:12]} 63. Rg7+ {[%emt 0:00:09]} Kf3 {[%emt 0:00:04]} 64. Rh7 {[%emt 0:00:14]} Kg4 {[%emt 0:00:06]} 65. Kd4 {[%emt 0:00:20]} h4 {[%emt 0:00:11]} 66. c6 {[%emt 0:00:19]} h3 {[%emt 0:00:14]} 67. Kd5 {[%emt 0:00:19]} Kg3 {[%emt 0:01:05]} 68. c7 {[%emt 0:00:09]} h2 {[%emt 0:00:17]} 69. Kd6 {[%emt 0:00:19]} Rc8 {[%emt 0:00:16]} 70. Kd7 {[%emt 0:00:07]} Rxc7+ {[%emt 0:00:07]} 71. Kxc7 {[%emt 0:00:04]} Kg2 {[%emt 0:00:04]} 72. Rg7+ {[%emt 0:00:07]} Kf2 {[%emt 0:00:05]} 73. Rf7+ {[%emt 0:00:04]} Kg2 {[%emt 0:00:03]} 74. Rg7+ {[%emt 0:00:07]} Kf2 {[%emt 0:00:06]} 75. Rh7 {[%emt 0:00:02]} Kg2 {[%emt 0:00:05]} 76. Rxh2+ {[%emt 0:00:02]} Kxh2 {[%emt 0:00:05]} 77. Kd6 {[%emt 0:00:16]} 1/2-1/2

[Event "Mitropa Cup Open 2019"]
[Site "Radenci"]
[Date "2019.06.01"]
[Round "6.4"]
[White "Subelj, Jan"]
[Black "Csonka, Balazs"]
[Result "1/2-1/2"]
[WhiteElo "2407"]
[BlackElo "2466"]
[Annotator "ChessBase"]
[PlyCount "72"]
[EventDate "2019.05.27"]
[EventType "team-tourn"]
[EventCountry "SLO"]
[SourceTitle "playchess.com"]
[Source "ChessBase"]
[SourceQuality "1"]
[WhiteTeam "SLO"]
[BlackTeam "HUN"]
[WhiteTeamCountry "SLO"]
[TimeControl "40/5400+30:1800+30"]

1. e4 {[%emt 0:00:00]} e5 {[%emt 0:00:00]} 2. Nf3 {[%emt 0:00:04]} Nf6 {[%emt 0:00:00]} 3. Nxe5 {[%emt 0:00:32]} d6 {[%emt 0:00:10]} 4. Nf3 {[%emt 0:00:22]} Nxe4 {[%emt 0:00:08]} 5. Qe2 {[%emt 0:01:50]} Qe7 {[%emt 0:00:19]} 6. d3 {[%emt 0:00:26]} Nf6 {[%emt 0:00:22]} 7. Bg5 {[%emt 0:00:12]} Nbd7 {[%emt 0:04:21]} 8. Nc3 {[%emt 0:00:36]} Qxe2+ {[%emt 0:07:44]} 9. Bxe2 {[%emt 0:00:14]} h6 {[%emt 0:00:46]} 10. Bf4 {[%emt 0:23:12]} g6 {[%emt 0:11:11]} 11. O-O-O {[%emt 0:00:51]} Bg7 {[%emt 0:00:23]} 12. Rhe1 {[%emt 0:02:31]} O-O {[%emt 0:00:53]} 13. d4 {[%emt 0:03:52]} Nb6 {[%emt 0:08:43]} 14. h3 {[%emt 0:11:48]} Be6 {[%emt 0:06:48]} 15. Bd3 {[%emt 0:12:34]} Nfd5 {[%emt 0:16:28]} 16. Nxd5 {[%emt 0:02:19]} Bxd5 {[%emt 0:02:35]} 17. Be4 {[%emt 0:00:36]} Bxe4 {[%emt 0:04:02]} 18. Rxe4 {[%emt 0:00:10]} Rfe8 {[%emt 0:00:11]} 19. Rde1 {[%emt 0:01:06]} Rxe4 {[%emt 0:01:14]} 20. Rxe4 {[%emt 0:00:07]} f5 {[%emt 0:00:27]} 21. Re2 {[%emt 0:00:29]} Kf7 {[%emt 0:01:50]} 22. c3 {[%emt 0:00:10]} Nd5 {[%emt 0:02:59]} 23. Bd2 {[%emt 0:00:23]} b5 {[%emt 0:01:05]} 24. Kc2 {[%emt 0:02:58]} a5 {[%emt 0:06:15]} 25. b3 {[%emt 0:09:41]} a4 {[%emt 0:01:15]} 26. c4 {[%emt 0:05:49]} axb3+ {[%emt 0:01:53]} 27. Kxb3 {[%emt 0:00:11]} bxc4+ {[%emt 0:01:07]} 28. Kxc4 {[%emt 0:00:05]} c6 {[%emt 0:00:51]} 29. Kb3 {[%emt 0:00:19]} Rb8+ {[%emt 0:04:12]} 30. Kc2 {[%emt 0:00:07]} Ra8 {[%emt 0:01:32]} 31. Kb3 {[%emt 0:00:06]} Rb8+ {[%emt 0:00:07]} 32. Kc2 {[%emt 0:00:11]} g5 {[%emt 0:02:22]} 33. a4 {[%emt 0:04:13]} Nb6 {[%emt 0:09:27]} 34. a5 {[%emt 0:00:41]} Nc4 {[%emt 0:00:03]} 35. Kd3 {[%emt 0:01:05]} Nb2+ {[%emt 0:00:21]} 36. Kc2 {[%emt 0:00:05]} Nc4 {[%emt 0:00:06]} 1/2-1/2

[Event "Mitropa Cup Open 2019"]
[Site "Radenci"]
[Date "2019.06.01"]
[Round "6.5"]
[White "Dragnev, Valentin"]
[Black "Bogner, Sebastian"]
[Result "1/2-1/2"]
[WhiteElo "2521"]
[BlackElo "2597"]
[Annotator "TA"]
[PlyCount "79"]
[EventDate "2019.05.27"]
[EventType "team-tourn"]
[EventCountry "SLO"]
[SourceTitle "playchess.com"]
[Source "ChessBase"]
[SourceQuality "1"]
[WhiteTeam "Austria"]
[BlackTeam "Switzerland"]
[WhiteTeamCountry "AUT"]
[BlackTeamCountry "SUI"]

{[%evp 13,79,27,33,33,25,14,33,26,33,14,45,45,42,44,32,37,54,39,60,-6,62,54,74,46,45,30,38,14,9,16,14,13,12,16,45,46,46,46,44,44,43,14,14,14,16,15,20,9,12,4,7,7,19,0,0,0,8,0,0,0,0,0,0,-12,0,0,7,15]} 1. d4 d5 2. c4 c6 3. Nf3 Nf6 4. e3 Bf5 5. Nc3 e6 6. Nh4 Bg6 7. Nxg6 hxg6 8. g3 {D12: Slav Defence: 3 Nf3 Nf6 4 e3 Bf5} Nbd7 9. cxd5 exd5 10. Bg2 {White is slightly better.} Be7 11. O-O Qb6 $146 ({Predecessor:} 11... O-O 12. f3 Qb6 13. Kh1 Rad8 14. Rb1 c5 15. Qd3 Qe6 {0-1 (49) Goganov,A (2580)-Korobov,A (2675) Karlsruhe 2019}) 12. Rb1 a5 13. a3 O-O 14. b4 axb4 15. axb4 Qa7 16. Qd3 ({White should try} 16. b5 $14) 16... Rfd8 (16... b5 $1 $11) 17. b5 $14 Nb6 18. bxc6 bxc6 19. Bd2 Nc4 20. Rb3 Rab8 21. Rfb1 Rxb3 22. Rxb3 Nxd2 23. Qxd2 Rb8 24. Qa2 Qc7 25. Rxb8+ Qxb8 26. Qa6 Qc7 27. Bf3 g5 {The position is equal.} 28. h3 g6 29. Kg2 Kg7 30. Na4 Bd6 31. Nb6 Be7 32. Nc8 Bf8 33. Nb6 Be7 34. g4 Bf8 35. Na8 Qd6 36. Qb7 Qd7 37. Qb6 Bd6 38. Bd1 Ng8 39. Qa6 Ne7 40. Nb6 {Accuracy: White = 52%, Black = 67%.} 1/2-1/2

[Event "Mitropa Cup Open 2019"]
[Site "Radenci"]
[Date "2019.06.01"]
[Round "6.6"]
[White "Pelletier, Yannick"]
[Black "Blohberger, Felix"]
[Result "1/2-1/2"]
[WhiteElo "2547"]
[BlackElo "2475"]
[Annotator "ChessBase"]
[PlyCount "76"]
[EventDate "2019.05.27"]
[EventType "team-tourn"]
[EventCountry "SLO"]
[SourceTitle "playchess.com"]
[Source "ChessBase"]
[SourceQuality "1"]
[WhiteTeam "SUI"]
[BlackTeam "AUT"]
[BlackTeamCountry "AUT"]
[TimeControl "40/5400+30:1800+30"]

1. d4 {[%emt 0:00:30]} Nf6 {[%emt 0:00:00]} 2. c4 {[%emt 0:00:07]} e6 {[%emt 0:00:00]} 3. Nf3 {[%emt 0:00:32]} d5 {[%emt 0:00:00]} 4. Nc3 {[%emt 0:00:34]} Bb4 {[%emt 0:00:02]} 5. Bg5 {[%emt 0:01:05]} h6 {[%emt 0:00:18]} 6. Bxf6 {[%emt 0:00:14]} Qxf6 {[%emt 0:00:06]} 7. Qa4+ {[%emt 0:00:19]} Nc6 {[%emt 0:00:08]} 8. e3 {[%emt 0:00:12]} O-O {[%emt 0:00:10]} 9. Rc1 {[%emt 0:00:31]} Qg6 {[%emt 0:02:24]} 10. Qc2 {[%emt 0:01:13]} Qxc2 {[%emt 0:00:19]} 11. Rxc2 {[%emt 0:00:03]} Rd8 {[%emt 0:00:06]} 12. a3 {[%emt 0:04:36]} Bf8 {[%emt 0:00:07]} 13. Nb5 {[%emt 0:00:42]} Bd7 {[%emt 0:00:53]} 14. cxd5 {[%emt 0:17:21]} exd5 {[%emt 0:00:21]} 15. Bd3 {[%emt 0:01:59]} Rac8 {[%emt 0:00:17]} 16. Ke2 {[%emt 0:01:52]} a6 {[%emt 0:03:28]} 17. Nc3 {[%emt 0:00:04]} Ne7 {[%emt 0:05:34]} 18. Rhc1 {[%emt 0:03:37]} c5 {[%emt 0:11:42]} 19. dxc5 {[%emt 0:01:41]} Rxc5 {[%emt 0:00:06]} 20. Kd2 {[%emt 0:19:31]} Rdc8 {[%emt 0:03:15]} 21. Nd4 {[%emt 0:08:58]} g6 {[%emt 0:04:58]} 22. b4 {[%emt 0:00:19]} R5c7 {[%emt 0:00:41]} 23. Nce2 {[%emt 0:03:29]} Rxc2+ {[%emt 0:00:59]} 24. Rxc2 {[%emt 0:00:03]} Bg7 {[%emt 0:07:33]} 25. Rxc8+ {[%emt 0:07:40]} Nxc8 {[%emt 0:12:41]} 26. Nb3 {[%emt 0:01:00]} Kf8 {[%emt 0:19:21]} 27. Nc5 {[%emt 0:08:54]} Bc6 {[%emt 0:00:15]} 28. Nd4 {[%emt 0:04:56]} Bxd4 {[%emt 0:00:28]} 29. exd4 {[%emt 0:00:03]} Nd6 {[%emt 0:03:23]} 30. f3 {[%emt 0:03:44]} Ke7 {[%emt 0:06:10]} 31. Kc3 {[%emt 0:00:20]} Bb5 {[%emt 0:01:37]} 32. a4 {[%emt 0:00:44]} Bxd3 {[%emt 0:08:48]} 33. Nxd3 {[%emt 0:00:13]} Kd7 {[%emt 0:01:02]} 34. g4 {[%emt 0:00:55]} g5 {[%emt 0:03:02]} 35. Nc1 {[%emt 0:06:55]} Kc6 {[%emt 0:03:15]} 36. Nd3 {[%emt 0:01:19]} Kd7 {[%emt 0:01:04]} 37. Nc5+ {[%emt 0:00:27]} Kc6 {[%emt 0:00:18]} 38. Nd3 {[%emt 0:00:17]} Kd7 {[%emt 0:00:28]} 1/2-1/2

[Event "Mitropa Cup Open 2019"]
[Site "Radenci"]
[Date "2019.06.01"]
[Round "6.7"]
[White "Mesaros, Florian"]
[Black "Studer, Noel"]
[Result "0-1"]
[WhiteElo "2439"]
[BlackElo "2517"]
[Annotator "ChessBase"]
[PlyCount "80"]
[EventDate "2019.05.27"]
[EventType "team-tourn"]
[EventCountry "SLO"]
[SourceTitle "playchess.com"]
[Source "ChessBase"]
[SourceQuality "1"]
[WhiteTeam "Austria"]
[BlackTeam "Switzerland"]
[WhiteTeamCountry "AUT"]
[BlackTeamCountry "SUI"]
[TimeControl "40/5400+30:1800+30"]

1. d4 {[%emt 0:00:00]} Nf6 {[%emt 0:00:00]} 2. c4 {[%emt 0:00:00]} e6 {[%emt 0:00:00]} 3. Nc3 {[%emt 0:00:03]} Bb4 {[%emt 0:00:00]} 4. e3 {[%emt 0:00:11]} O-O {[%emt 0:00:08]} 5. Nf3 {[%emt 0:00:15]} c5 {[%emt 0:00:17]} 6. Bd3 {[%emt 0:04:58]} d5 {[%emt 0:00:09]} 7. cxd5 {[%emt 0:02:10]} exd5 {[%emt 0:00:13]} 8. dxc5 {[%emt 0:00:56]} Nbd7 {[%emt 0:00:07]} 9. O-O {[%emt 0:02:02]} Nxc5 {[%emt 0:00:06]} 10. Ne2 {[%emt 0:01:33]} Bg4 {[%emt 0:01:57]} 11. b3 {[%emt 0:06:08]} Nfe4 {[%emt 0:06:38]} 12. Ned4 {[%emt 0:28:31]} Bc3 {[%emt 0:21:25]} 13. Rb1 {[%emt 0:00:53]} Bxd4 {[%emt 0:01:16]} 14. exd4 {[%emt 0:00:41]} Ne6 {[%emt 0:02:01]} 15. Qe1 {[%emt 0:13:58]} Bxf3 {[%emt 0:06:03]} 16. gxf3 {[%emt 0:00:21]} N4g5 {[%emt 0:01:03]} 17. Kg2 {[%emt 0:11:55]} Nxd4 {[%emt 0:11:36]} 18. f4 {[%emt 0:03:05]} Qd7 {[%emt 0:06:46]} 19. f3 {[%emt 0:05:30]} Qh3+ {[%emt 0:08:45]} 20. Kh1 {[%emt 0:00:04]} Ngxf3 {[%emt 0:00:52]} 21. Qg3 {[%emt 0:00:19]} Qxg3 {[%emt 0:03:41]} 22. hxg3 {[%emt 0:00:02]} Rfe8 {[%emt 0:00:03]} 23. Bb2 {[%emt 0:03:20]} Re3 {[%emt 0:01:21]} 24. Rbd1 {[%emt 0:01:57]} Rc8 {[%emt 0:00:35]} 25. Rf2 {[%emt 0:08:26]} Rc6 {[%emt 0:04:06]} 26. Bxd4 {[%emt 0:02:34]} Rh6+ {[%emt 0:09:49]} 27. Kg2 {[%emt 0:00:03]} Rh2+ {[%emt 0:00:03]} 28. Kf1 {[%emt 0:00:06]} Rh1+ {[%emt 0:00:06]} 29. Kg2 {[%emt 0:00:05]} Rxd1 {[%emt 0:00:08]} 30. Bxh7+ {[%emt 0:02:46]} Kxh7 {[%emt 0:00:01]} 31. Bxe3 {[%emt 0:00:02]} Ne1+ {[%emt 0:00:07]} 32. Kh3 {[%emt 0:01:09]} d4 {[%emt 0:00:06]} 33. Bd2 {[%emt 0:00:22]} Nd3 {[%emt 0:00:28]} 34. Re2 {[%emt 0:01:02]} Ra1 {[%emt 0:00:16]} 35. Kg4 {[%emt 0:01:22]} Rxa2 {[%emt 0:00:16]} 36. Rh2+ {[%emt 0:00:30]} Kg8 {[%emt 0:00:27]} 37. Re2 {[%emt 0:00:29]} f6 {[%emt 0:01:54]} 38. Kf5 {[%emt 0:00:35]} Kf7 {[%emt 0:00:10]} 39. Ke4 {[%emt 0:00:35]} Nc5+ {[%emt 0:00:05]} 40. Kxd4 {[%emt 0:00:00]} Rxd2+ {[%emt 0:00:00]} 0-1

[Event "Mitropa Cup Open 2019"]
[Site "Radenci"]
[Date "2019.06.01"]
[Round "6.8"]
[White "Stijve, Theo"]
[Black "Horvath, Dominik"]
[Result "0-1"]
[WhiteElo "2310"]
[BlackElo "2406"]
[Annotator "ChessBase"]
[PlyCount "120"]
[EventDate "2019.05.27"]
[EventType "team-tourn"]
[EventCountry "SLO"]
[SourceTitle "playchess.com"]
[Source "ChessBase"]
[SourceQuality "1"]
[WhiteTeam "Switzerland"]
[BlackTeam "Austria"]
[WhiteTeamCountry "SUI"]
[BlackTeamCountry "AUT"]
[TimeControl "40/5400+30:1800+30"]

1. e4 {[%emt 0:00:04]} e5 {[%emt 0:00:00]} 2. Nf3 {[%emt 0:00:07]} Nc6 {[%emt 0:00:00]} 3. Bb5 {[%emt 0:00:07]} a6 {[%emt 0:00:00]} 4. Ba4 {[%emt 0:00:07]} d6 {[%emt 0:00:08]} 5. O-O {[%emt 0:01:11]} Bd7 {[%emt 0:00:08]} 6. c3 {[%emt 0:06:34]} g5 {[%emt 0:00:30]} 7. d4 {[%emt 0:03:14]} g4 {[%emt 0:00:21]} 8. Ne1 {[%emt 0:01:40]} h5 {[%emt 0:00:05]} 9. f4 {[%emt 0:03:59]} exd4 {[%emt 0:00:28]} 10. cxd4 {[%emt 0:03:54]} d5 {[%emt 0:00:04]} 11. Nc3 {[%emt 0:11:29]} dxe4 {[%emt 0:01:56]} 12. d5 {[%emt 0:01:57]} Nce7 {[%emt 0:13:56]} 13. Qd4 {[%emt 0:03:17]} f6 {[%emt 0:00:03]} 14. Bb3 {[%emt 0:13:48]} Nf5 {[%emt 0:07:21]} 15. Qxe4+ {[%emt 0:02:07]} Qe7 {[%emt 0:00:20]} 16. Qd3 {[%emt 0:04:47]} Qc5+ {[%emt 0:09:25]} 17. Kh1 {[%emt 0:00:39]} O-O-O {[%emt 0:04:50]} 18. Nc2 {[%emt 0:03:20]} Re8 {[%emt 0:04:33]} 19. Ne4 {[%emt 0:11:21]} Qb6 {[%emt 0:00:58]} 20. Be3 {[%emt 0:03:50]} Bb5 {[%emt 0:10:24]} 21. Bc4 {[%emt 0:08:19]} Bxc4 {[%emt 0:00:50]} 22. Qxc4 {[%emt 0:00:10]} Qb5 {[%emt 0:05:20]} 23. Qxb5 {[%emt 0:04:58]} axb5 {[%emt 0:00:04]} 24. Bc5 {[%emt 0:00:13]} Rxe4 {[%emt 0:01:14]} 25. Bxf8 {[%emt 0:00:10]} Nge7 {[%emt 0:00:02]} 26. Bxe7 {[%emt 0:00:40]} Rxe7 {[%emt 0:03:19]} 27. Rac1 {[%emt 0:08:20]} h4 {[%emt 0:01:11]} 28. Kg1 {[%emt 0:02:16]} Rd8 {[%emt 0:03:17]} 29. Rfd1 {[%emt 0:01:05]} Re4 {[%emt 0:02:33]} 30. Na3 {[%emt 0:00:41]} Nd4 {[%emt 0:02:49]} 31. Kf2 {[%emt 0:00:33]} f5 {[%emt 0:16:10]} 32. Rd2 {[%emt 0:00:30]} g3+ {[%emt 0:01:57]} 33. hxg3 {[%emt 0:00:21]} hxg3+ {[%emt 0:00:04]} 34. Kxg3 {[%emt 0:00:34]} Ne2+ {[%emt 0:00:03]} 35. Rxe2 {[%emt 0:00:08]} Rxe2 {[%emt 0:00:03]} 36. Nxb5 {[%emt 0:00:20]} Rxd5 {[%emt 0:00:11]} 37. Nxc7 {[%emt 0:00:46]} Rd3+ {[%emt 0:00:04]} 38. Kh2 {[%emt 0:00:27]} Kd8 {[%emt 0:01:52]} 39. Nb5 {[%emt 0:00:44]} Rdd2 {[%emt 0:06:39]} 40. Rc5 {[%emt 0:00:00]} Rxg2+ {[%emt 0:00:00]} 41. Kh3 {[%emt 0:02:14]} Rg7 {[%emt 0:00:59]} 42. Rxf5 {[%emt 0:03:00]} Rxb2 {[%emt 0:00:04]} 43. Nd4 {[%emt 0:02:10]} Rh7+ {[%emt 0:07:55]} 44. Kg4 {[%emt 0:00:14]} Rg2+ {[%emt 0:00:03]} 45. Kf3 {[%emt 0:00:12]} Rxa2 {[%emt 0:00:08]} 46. Rb5 {[%emt 0:03:15]} Kc7 {[%emt 0:00:54]} 47. Ke4 {[%emt 0:04:59]} Re7+ {[%emt 0:03:15]} 48. Kd3 {[%emt 0:03:44]} Ra3+ {[%emt 0:01:04]} 49. Nb3 {[%emt 0:02:44]} Kc6 {[%emt 0:01:34]} 50. Rb4 {[%emt 0:01:52]} b5 {[%emt 0:07:15]} 51. Kc3 {[%emt 0:03:49]} Re3+ {[%emt 0:01:34]} 52. Kb2 {[%emt 0:01:53]} Ra4 {[%emt 0:00:37]} 53. Rxa4 {[%emt 0:03:55]} bxa4 {[%emt 0:00:04]} 54. Nd4+ {[%emt 0:01:15]} Kc5 {[%emt 0:00:09]} 55. Nc2 {[%emt 0:00:10]} Rb3+ {[%emt 0:00:47]} 56. Ka2 {[%emt 0:00:19]} Rf3 {[%emt 0:00:05]} 57. Ne1 {[%emt 0:00:55]} Rf2+ {[%emt 0:00:37]} 58. Ka3 {[%emt 0:00:32]} Kc4 {[%emt 0:00:21]} 59. f5 {[%emt 0:00:44]} Kc3 {[%emt 0:00:19]} 60. f6 {[%emt 0:02:14]} Kd2 {[%emt 0:00:03]} 0-1

[Event "Mitropa Cup Open 2019"]
[Site "Radenci"]
[Date "2019.06.01"]
[Round "6.9"]
[White "Perske, Thore"]
[Black "Jovanic, Ognjen"]
[Result "1/2-1/2"]
[WhiteElo "2456"]
[BlackElo "2511"]
[Annotator "ChessBase"]
[PlyCount "61"]
[EventDate "2019.05.27"]
[EventType "team-tourn"]
[EventCountry "SLO"]
[SourceTitle "playchess.com"]
[Source "ChessBase"]
[SourceQuality "1"]
[WhiteTeam "Germany"]
[BlackTeam "Croatia"]
[WhiteTeamCountry "GER"]
[BlackTeamCountry "CRO"]
[TimeControl "40/5400+30:1800+30"]

1. e4 {[%emt 0:00:00]} c5 {[%emt 0:00:00]} 2. Nf3 {[%emt 0:00:00]} e6 {[%emt 0:00:00]} 3. d4 {[%emt 0:00:00]} cxd4 {[%emt 0:00:05]} 4. Nxd4 {[%emt 0:00:00]} Nc6 {[%emt 0:00:05]} 5. Nc3 {[%emt 0:00:07]} Qc7 {[%emt 0:00:07]} 6. Be3 {[%emt 0:00:07]} Nf6 {[%emt 0:01:29]} 7. Be2 {[%emt 0:07:47]} Be7 {[%emt 0:01:14]} 8. f4 {[%emt 0:06:12]} d6 {[%emt 0:00:59]} 9. O-O {[%emt 0:00:14]} O-O {[%emt 0:01:01]} 10. Kh1 {[%emt 0:01:38]} Nxd4 {[%emt 0:01:02]} 11. Qxd4 {[%emt 0:03:47]} b6 {[%emt 0:00:27]} 12. a4 {[%emt 0:11:28]} Bb7 {[%emt 0:07:53]} 13. Bf3 {[%emt 0:07:31]} Rfd8 {[%emt 0:07:12]} 14. Nb5 {[%emt 0:03:49]} Qb8 {[%emt 0:07:15]} 15. c4 {[%emt 0:02:51]} Nd7 {[%emt 0:02:03]} 16. Qd2 {[%emt 0:07:34]} Nc5 {[%emt 0:06:32]} 17. Qc2 {[%emt 0:00:17]} a6 {[%emt 0:10:37]} 18. Nd4 {[%emt 0:04:14]} Qc7 {[%emt 0:06:54]} 19. f5 {[%emt 0:10:16]} a5 {[%emt 0:03:01]} 20. Nb5 {[%emt 0:02:59]} Qb8 {[%emt 0:02:54]} 21. Bd4 {[%emt 0:04:23]} Bc6 {[%emt 0:09:02]} 22. Nc3 {[%emt 0:01:41]} Qb7 {[%emt 0:01:41]} 23. Rae1 {[%emt 0:01:51]} Re8 {[%emt 0:11:38]} 24. Bxc5 {[%emt 0:16:12]} dxc5 {[%emt 0:01:13]} 25. e5 {[%emt 0:00:51]} Bf8 {[%emt 0:03:58]} 26. f6 {[%emt 0:02:08]} g6 {[%emt 0:00:06]} 27. Bxc6 {[%emt 0:00:51]} Qxc6 {[%emt 0:00:03]} 28. Qe4 {[%emt 0:00:18]} Qxe4 {[%emt 0:01:33]} 29. Nxe4 {[%emt 0:00:04]} Red8 {[%emt 0:00:10]} 30. Rd1 {[%emt 0:02:10]} Bh6 {[%emt 0:01:36]} 31. Rd6 {[%emt 0:00:59]} 1/2-1/2

[Event "Mitropa Cup Open 2019"]
[Site "Radenci"]
[Date "2019.06.01"]
[Round "6.10"]
[White "Kovacevic, Blazimir"]
[Black "Kunin, Vitaly"]
[Result "1/2-1/2"]
[WhiteElo "2456"]
[BlackElo "2518"]
[Annotator "ChessBase"]
[PlyCount "67"]
[EventDate "2019.05.27"]
[EventType "team-tourn"]
[EventCountry "SLO"]
[SourceTitle "playchess.com"]
[Source "ChessBase"]
[SourceQuality "1"]
[WhiteTeam "CRO"]
[BlackTeam "GER"]
[WhiteTeamCountry "CRO"]
[TimeControl "40/5400+30:1800+30"]

1. g3 {[%emt 0:00:00]} e5 {[%emt 0:00:09]} 2. c4 {[%emt 0:00:00]} Nf6 {[%emt 0:00:20]} 3. Bg2 {[%emt 0:00:00]} d5 {[%emt 0:00:41]} 4. cxd5 {[%emt 0:00:00]} Nxd5 {[%emt 0:00:07]} 5. Nf3 {[%emt 0:01:40]} Nc6 {[%emt 0:00:24]} 6. O-O {[%emt 0:00:09]} Nb6 {[%emt 0:02:37]} 7. b3 {[%emt 0:00:43]} g6 {[%emt 0:03:26]} 8. Nc3 {[%emt 0:07:27]} Bg7 {[%emt 0:05:18]} 9. Ba3 {[%emt 0:04:24]} Be6 {[%emt 0:02:33]} 10. Rc1 {[%emt 0:04:51]} h6 {[%emt 0:04:21]} 11. d3 {[%emt 0:16:12]} Nc8 {[%emt 0:08:36]} 12. e3 {[%emt 0:07:40]} Nd6 {[%emt 0:05:54]} 13. d4 {[%emt 0:05:16]} exd4 {[%emt 0:00:12]} 14. Nxd4 {[%emt 0:02:40]} Nxd4 {[%emt 0:03:31]} 15. exd4 {[%emt 0:00:06]} O-O {[%emt 0:01:03]} 16. Bxd6 {[%emt 0:14:40]} cxd6 {[%emt 0:01:18]} 17. Bxb7 {[%emt 0:00:07]} Rb8 {[%emt 0:00:28]} 18. Bd5 {[%emt 0:02:40]} Bh3 {[%emt 0:02:00]} 19. Re1 {[%emt 0:12:00]} h5 {[%emt 0:16:54]} 20. Bg2 {[%emt 0:05:54]} Bxg2 {[%emt 0:03:01]} 21. Kxg2 {[%emt 0:00:04]} Rb4 {[%emt 0:00:14]} 22. Qf3 {[%emt 0:05:12]} Rxd4 {[%emt 0:02:00]} 23. Nb5 {[%emt 0:01:28]} Rd2 {[%emt 0:00:13]} 24. Nxa7 {[%emt 0:02:53]} Qa5 {[%emt 0:05:32]} 25. Nc6 {[%emt 0:04:24]} Qxa2 {[%emt 0:00:29]} 26. Rcd1 {[%emt 0:00:15]} Rxd1 {[%emt 0:15:35]} 27. Rxd1 {[%emt 0:00:04]} Be5 {[%emt 0:00:18]} 28. Rd5 {[%emt 0:00:57]} Qb2 {[%emt 0:03:58]} 29. Qe3 {[%emt 0:00:28]} Kh7 {[%emt 0:02:41]} 30. Rd2 {[%emt 0:02:00]} Qc1 {[%emt 0:01:00]} 31. Nxe5 {[%emt 0:00:35]} dxe5 {[%emt 0:00:11]} 32. Re2 {[%emt 0:00:13]} Qc7 {[%emt 0:04:14]} 33. Qxe5 {[%emt 0:00:31]} Qb7+ {[%emt 0:00:08]} 34. Qe4 {[%emt 0:00:08]} 1/2-1/2